Other People's Children: What Happens To Those In The Bottom 50% academically? (Record no. 4129)

MARC details
005 - DATE AND TIME OF LATEST TRANSACTION
control field 20250616121436.0
020 ## - INTERNATIONAL STANDARD BOOK NUMBER
International Standard Book Number 978-1-911382-53-9
082 ## - DEWEY DECIMAL CLASSIFICATION NUMBER
Classification number 374.305 LEN
100 ## - MAIN ENTRY--PERSONAL NAME
Author name LENON, B.
245 ## - TITLE STATEMENT
Title Other People's Children: What Happens To Those In The Bottom 50% academically?
260 ## - PUBLICATION, DISTRIBUTION, ETC.
Place of publication, distribution, etc. Woodbridge,
Name of publisher, distributor, etc. John Catt Educational Ltd,
Date of publication, distribution, etc. 2018.
300 ## - PHYSICAL DESCRIPTION
Extent 324p.: ill.; graph, figure, picture, table.
Other physical details Bibliography, index.
Dimensions 22cm.
856 ## - ELECTRONIC LOCATION AND ACCESS
Link text Access online book
Electronic name Other People Children
Path www.johncatt.com
942 ## - ADDED ENTRY ELEMENTS (KOHA)
Source of classification or shelving scheme Dewey Decimal Classification
Koha item type Books
Holdings
Date last seen Total checkouts Full call number Barcode Cost, replacement price Price effective from Koha item type Lost status Source of classification or shelving scheme Damaged status Not for loan Withdrawn status Home library Current library Shelving location Date acquired Cost, normal purchase price
06/16/2025   374.305 LEN 00000013093 194400.00 06/16/2025 Books   Dewey Decimal Classification       College of Business Education Main Library College of Business Education Main Library General Collection 04/04/2024 64800.00
06/16/2025   374.305 LEN 00000013094 194400.00 06/16/2025 Books   Dewey Decimal Classification       College of Business Education Main Library College of Business Education Main Library General Collection 04/04/2024 64800.00
06/16/2025   374.305 LEN 00000013095 194400.00 06/16/2025 Books   Dewey Decimal Classification       College of Business Education Main Library College of Business Education Main Library General Collection 04/04/2024 64800.00
06/16/2025   374.305 LEN 00000013096 194400.00 06/16/2025 Books   Dewey Decimal Classification       College of Business Education Main Library College of Business Education Main Library General Collection 04/04/2024 64800.00
06/16/2025   374.305 LEN 00000013097 194400.00 06/16/2025 Books   Dewey Decimal Classification       College of Business Education Main Library College of Business Education Main Library General Collection 04/04/2024 64800.00